[Event "AUTONOMIC COMUNIDAD VALENCIANA"]
[Site "Vila-real (Castellón - SPAIN)"]
[Date "2009.08.20"]
[Round "4.9"]
[White "Sos Andreu, Erik"]
[Black "Cruz Lledo, Pablo"]
[Result "0-1"]
[WhiteElo "1871"]
[BlackElo "2190"]
[PlyCount "74"]
[EventDate "2009.08.18"]

1. e4 c6 2. d4 d5 3. exd5 cxd5 4. c4 Nf6 5. Nc3 Be6 6. Nge2 dxc4 7. Nf4 Bg4 8.
f3 Bd7 9. Bxc4 Qc7 10. Bb3 e6 11. O-O Bd6 12. g3 O-O 13. Ne4 Be7 14. Be3 Nc6
15. Rc1 Rad8 16. Qe2 a6 17. Rfd1 Qb8 18. Bc2 Nb4 19. Bb1 Nbd5 20. Nc3 Bc6 21.
Nfxd5 Bxd5 22. Bf4 Qa7 23. Bg5 h6 24. Be3 b5 25. Ne4 Nd7 26. Qd2 f5 27. Qd3
fxe4 28. fxe4 Bc4 29. Qc2 Ne5 30. b3 Bg5 31. Bxg5 Rxd4 32. Kg2 hxg5 33. bxc4
Nxc4 34. Rd3 Rxd3 35. Qxd3 Qf2+ 36. Kh3 Ne3 37. Rc2 g4+ 0-1

[Event "AUTONOMIC COMUNIDAD VALENCIANA"]
[Site "Vila-real (Castellón - SPAIN)"]
[Date "2009.08.20"]
[Round "4.10"]
[White "Magdaleno Puche, Juan Pedro"]
[Black "Penades Ordaz, Victor"]
[Result "0-1"]
[WhiteElo "1651"]
[BlackElo "2175"]
[PlyCount "140"]
[EventDate "2009.08.18"]

1. d4 Nf6 2. c4 g6 3. Nc3 Bg7 4. e4 d6 5. Nf3 O-O 6. Be2 e5 7. O-O Nc6 8. d5
Ne7 9. b4 c6 10. a4 Bg4 11. h3 Bxf3 12. Bxf3 a5 13. b5 c5 14. Be2 Nd7 15. Bg5
f6 16. Be3 f5 17. f3 h6 18. Bd3 f4 19. Bc1 Nf6 20. Kf2 Nh5 21. Ke1 Bf6 22. Kd2
Kg7 23. Kc2 Qd7 24. Kb3 Bh4 25. Bd2 Ng8 26. Be1 Bg3 27. Ne2 Qe7 28. Ra2 Qg5 29.
Bd2 Ngf6 30. Nxg3 Nxg3 31. Rg1 b6 32. Be1 Nfh5 33. Kc3 Rh8 34. Bf2 Rag8 35. Qc1
Kf7 36. Qe1 Nf6 37. Qd2 h5 38. Qe1 Rg7 39. Kb3 Ng8 40. Qd1 Nh6 41. Be1 Ke7 42.
Rb2 Qh4 43. Qc1 Qf6 44. Qd1 g5 45. Be2 Rgg8 46. Rc2 Rg7 47. Bd2 Rhg8 48. Bc1 g4
49. hxg4 hxg4 50. Re1 Rg5 51. Kb2 Qf7 52. Qd3 Qh5 53. Bd1 Qh4 54. Rd2 Ngf5 55.
Qf1 Ne3 56. Qe2 Nxc4+ 57. Kc2 Nxd2 58. Bxd2 gxf3 59. gxf3 Rg2 60. Qf1 Rf2 61.
Qh1 Rh2 62. Qf1 Rgg2 63. Re2 Rxe2 64. Bxe2 Qf2 65. Qxf2 Rxf2 66. Kd1 Nf7 67.
Be1 Rh2 68. Kd2 Ng5 69. Kd1 Rh3 70. Bf1 Rxf3 0-1

[Event "AUTONOMIC COMUNIDAD VALENCIANA"]
[Site "Vila-real (Castellón - SPAIN)"]
[Date "2009.08.20"]
[Round "4.11"]
[White "Molina, Jorge"]
[Black "Sanchiz Marti, Josep Miquel"]
[Result "1-0"]
[WhiteElo "2129"]
[BlackElo "2046"]
[PlyCount "63"]
[EventDate "2009.08.18"]

1. Nf3 d5 2. d4 e6 3. c4 dxc4 4. e3 Nf6 5. Bxc4 Be7 6. O-O O-O 7. Nc3 b6 8. Qe2
Bb7 9. Rd1 Nbd7 10. e4 c6 11. h3 a6 12. Be3 h6 13. a3 Qc7 14. Rac1 Rfc8 15. Ba2
Qd8 16. Rc2 Qf8 17. Ne5 c5 18. Nxd7 Nxd7 19. d5 exd5 20. Nxd5 Bxd5 21. Bxd5 Ra7
22. Ba2 Rd8 23. Rcd2 Ne5 24. Qh5 Rxd2 25. Rxd2 Nc6 26. Bxh6 Nd4 27. Bf4 Bd6 28.
e5 Bb8 29. Be3 Qe7 30. Bxd4 cxd4 31. e6 f6 32. Rxd4 1-0

[Event "AUTONOMIC COMUNIDAD VALENCIANA"]
[Site "Vila-real (Castellón - SPAIN)"]
[Date "2009.08.20"]
[Round "4.12"]
[White "Roig Aguilar, Alejandro"]
[Black "Mezquita Broch, Pascual"]
[Result "1-0"]
[WhiteElo "2120"]
[BlackElo "1979"]
[PlyCount "65"]
[EventDate "2009.08.18"]

1. d4 Nf6 2. c4 g6 3. Nc3 d5 4. Bf4 Bg7 5. e3 O-O 6. Rc1 c6 7. Bd3 Be6 8. c5
Nbd7 9. h3 Nh5 10. Nge2 Nxf4 11. Nxf4 Qc7 12. Nxe6 fxe6 13. f4 b6 14. b4 bxc5
15. bxc5 Qa5 16. Qa4 Qxa4 17. Nxa4 Rab8 18. Ke2 Rb4 19. Bc2 Rfb8 20. Rb1 Kf7
21. a3 Rxb1 22. Rxb1 Rxb1 23. Bxb1 Nb8 24. Bd3 Bf6 25. Nc3 Ke8 26. g4 Kf7 27.
g5 Bg7 28. Na2 Ke8 29. Nb4 Kd7 30. h4 Ke8 31. h5 Kf7 32. h6 Bh8 33. Ba6 1-0

[Event "AUTONOMIC COMUNIDAD VALENCIANA"]
[Site "Vila-real (Castellón - SPAIN)"]
[Date "2009.08.20"]
[Round "4.13"]
[White "Jordan Martinez, Miguel"]
[Black "Lopez Diaz, Rafael"]
[Result "1-0"]
[WhiteElo "2118"]
[BlackElo "1745"]
[PlyCount "129"]
[EventDate "2009.08.18"]

{Varios errores de anotacion} 1. e4 e5 2. Nf3 Nc6 3. Bc4 Bc5 4. c3 Nf6 5. d4
exd4 6. O-O Nxe4 7. cxd4 Be7 8. d5 Na5 9. Qd4 Nxc4 10. Qxe4 Nd6 11. Qg4 O-O 12.
Nc3 Ne8 13. Re1 d6 14. Qc4 Bd7 15. Bf4 Rc8 16. Qd3 Nf6 17. Nd4 Nh5 18. Be3 Bg5
19. Nf5 Re8 20. Ng3 Nxg3 21. hxg3 Bxe3 22. Rxe3 Rxe3 23. Qxe3 a6 24. Re1 Qf6
25. Qa7 Qd8 26. Qxb7 Rb8 27. Qxa6 Rxb2 28. a4 g6 29. Qd3 Qf6 30. Ne4 Qe5 31. f4
Qg7 32. a5 Bb5 33. Qe3 Ra2 34. g4 Qb2 35. Qh3 Bd7 36. Qg3 f5 37. gxf5 Bxf5 38.
Nf2 Ra1 39. Qe3 Rxe1+ 40. Qxe1 Qb5 41. g4 Bc8 42. Ne4 Kg7 43. Qc3+ Kg8 44. Nf6+
Kf7 45. Nxh7 Qc5+ 46. Qxc5 dxc5 47. Kf2 Bb7 48. Ng5+ Ke7 49. Ne6 Kd6 50. Nf8
Kxd5 51. Nxg6 c4 52. Ke3 c5 53. f5 Kd6 54. Nf4 Ke5 55. Ne6 Kd6 56. g5 Ba6 57.
g6 Ke7 58. Nxc5 Bb5 59. a6 Bc6 60. Kd4 Kf6 61. Kxc4 Kg7 62. Kb4 Bd5 63. Ka5 Kf6
64. Kb6 Kxf5 65. Nb7 1-0

[Event "AUTONOMIC COMUNIDAD VALENCIANA"]
[Site "Vila-real (Castellón - SPAIN)"]
[Date "2009.08.20"]
[Round "4.16"]
[White "Folch Zaragoza, Jose"]
[Black "Raimundo Medina, Fermin"]
[Result "1-0"]
[WhiteElo "1940"]
[BlackElo "1640"]
[PlyCount "57"]
[EventDate "2009.08.18"]

1. e4 c6 2. Nc3 d5 3. f4 dxe4 4. Nxe4 e6 5. Nf3 Nf6 6. Nc3 Bd6 7. d4 O-O 8. Bd3
b6 9. O-O Ba6 10. a3 Bxd3 11. Qxd3 c5 12. Nb5 cxd4 13. Nfxd4 Bc5 14. b4 a6 15.
Bb2 axb5 16. bxc5 bxc5 17. Qf3 Qa5 18. Bc3 Qa6 19. Nxb5 Nd5 20. a4 Nc6 21. Bb2
Rad8 22. c4 Ndb4 23. Qg4 Nd4 24. Nxd4 cxd4 25. Ba3 Qxc4 26. Rab1 Nc2 27. Bxf8
Kxf8 28. Qh4 Rd7 29. Rb8+ 1-0

[Event "AUTONOMIC COMUNIDAD VALENCIANA"]
[Site "Vila-real (Castellón - SPAIN)"]
[Date "2009.08.20"]
[Round "4.17"]
[White "Guerola Trull, Bernat"]
[Black "Vieito Soria, Luis Maria"]
[Result "0-1"]
[WhiteElo "1729"]
[BlackElo "1897"]
[PlyCount "70"]
[EventDate "2009.08.18"]

1. e4 e6 2. d3 d5 3. Nd2 c5 4. Ngf3 Nc6 5. c3 Nf6 6. g3 Be7 7. Bg2 b6 8. Nf1
dxe4 9. Qa4 Bd7 10. dxe4 Nd4 11. Qd1 Nxf3+ 12. Bxf3 Bc6 13. Qc2 c4 14. Be3 Qd3
15. Qxd3 cxd3 16. Nd2 Nd7 17. O-O-O Ne5 18. Bg2 Rc8 19. h3 Ba4 20. Nb3 O-O 21.
Bf1 Rfd8 22. Bd4 Bxb3 23. Bxe5 Bxd1 24. Kxd1 f6 25. Bf4 Bc5 26. Rh2 g5 27. Bc1
b5 28. b4 Bb6 29. Bb2 a5 30. a3 axb4 31. axb4 Ra8 32. f3 Ra2 33. Kc1 d2+ 34.
Rxd2 Rxd2 35. Kxd2 Rxb2+ 0-1

[Event "AUTONOMIC COMUNIDAD VALENCIANA"]
[Site "Vila-real (Castellón - SPAIN)"]
[Date "2009.08.20"]
[Round "4.18"]
[White "Folch Fuentes, Eva"]
[Black "Balaguer Miralles, Miguel Angel"]
[Result "1-0"]
[WhiteElo "1529"]
[BlackElo "1894"]
[PlyCount "22"]
[EventDate "2009.08.18"]

1. e4 e5 2. Nf3 Nf6 3. Nxe5 Qe7 4. Nf3 Qxe4+ 5. Qe2 Bb4 6. c3 Ba5 7. Qxe4+ Nxe4
8. Bc4 O-O 9. O-O c6 10. d4 d5 11. Bd3 Bf5 {MOVIL!} 1-0

[Event "AUTONOMIC COMUNIDAD VALENCIANA"]
[Site "Vila-real (Castellón - SPAIN)"]
[Date "2009.08.21"]
[Round "5.1"]
[White "Fenollar Jorda, Manuel"]
[Black "Alvarez Ibarra, Rafael"]
[Result "1/2-1/2"]
[WhiteElo "2341"]
[BlackElo "2384"]
[PlyCount "28"]
[EventDate "2009.08.18"]

1. d4 Nf6 2. Nf3 e6 3. e3 c5 4. Bd3 Nc6 5. c3 d5 6. Nbd2 Bd6 7. O-O O-O 8. dxc5
Bxc5 9. e4 Qc7 10. Qe2 b6 11. exd5 exd5 12. Nb3 Re8 13. Qc2 Bg4 14. Nfd4 {
OFERTA DE TABLAS} Bxd4 1/2-1/2

[Event "AUTONOMIC COMUNIDAD VALENCIANA"]
[Site "Vila-real (Castellón - SPAIN)"]
[Date "2009.08.21"]
[Round "5.2"]
[White "Olaru, Daniel"]
[Black "Granero Roca, Antonio"]
[Result "0-1"]
[WhiteElo "2104"]
[BlackElo "2433"]
[PlyCount "98"]
[EventDate "2009.08.18"]

1. g3 Nf6 2. Bg2 d5 3. d3 c6 4. Nf3 Bg4 5. h3 Bxf3 6. Bxf3 Nbd7 7. Nd2 e6 8.
O-O Bc5 9. a3 a5 10. e4 O-O 11. Bg2 Qc7 12. Kh2 Rad8 13. Qe2 Ba7 14. b3 a4 15.
Bb2 dxe4 16. dxe4 e5 17. b4 Rfe8 18. Rad1 Nf8 19. Nc4 Bd4 20. c3 Ba7 21. Bc1
Ne6 22. Be3 Bxe3 23. Nxe3 g6 24. Rxd8 Rxd8 25. Rd1 Ne8 26. Rxd8 Qxd8 27. Qc2 b5
28. Qd1 Qxd1 29. Nxd1 c5 30. bxc5 Nxc5 31. Bf1 Nd6 32. f3 Nb3 33. Ne3 Nd2 34.
Kg2 Nb1 35. c4 bxc4 36. Nxc4 Nxc4 37. Bxc4 Nxa3 38. Bd3 Kf8 39. f4 f6 40. Kf3
Ke7 41. g4 g5 42. fxg5 fxg5 43. h4 h6 44. hxg5 hxg5 45. Ke3 Kd6 46. Kd2 Kc5 47.
Kc3 Nb5+ 48. Kb2 Kb4 49. Bf1 Nc3 0-1

[Event "AUTONOMIC COMUNIDAD VALENCIANA"]
[Site "Vila-real (Castellón - SPAIN)"]
[Date "2009.08.21"]
[Round "5.3"]
[White "Tello Nunez, Alejandro"]
[Black "Jordan Martinez, David"]
[Result "1-0"]
[WhiteElo "2297"]
[BlackElo "2176"]
[PlyCount "129"]
[EventDate "2009.08.18"]

1. c4 Nf6 2. d4 e5 3. dxe5 Ng4 4. Bf4 Nc6 5. Nf3 Bb4+ 6. Nbd2 Qe7 7. a3 Ngxe5
8. Nxe5 Nxe5 9. e3 Bxd2+ 10. Qxd2 d6 11. Qc3 b6 12. c5 O-O 13. cxd6 cxd6 14.
Be2 Bf5 15. Qd4 Rac8 16. O-O Rc2 17. Bd1 Rc4 18. Qd2 Rfc8 19. f3 h6 20. e4 Be6
21. Bg3 R4c6 22. f4 Nc4 23. Qd4 f5 24. Bf3 R6c7 25. exf5 Bxf5 26. Rae1 Qf6 27.
Bd5+ Kf8 28. Qxf6+ gxf6 29. Bh4 Nxb2 30. Bxf6 Nd3 31. Re3 Rc5 32. Be7+ Kg7 33.
Rg3+ Kh7 34. Bf6 h5 35. Rg7+ Kh6 36. Bf3 Rf8 37. Ba1 Nxf4 38. Rxa7 Rg8 39. Bd4
Rc4 40. Bxb6 Be6 41. Be3 Kg6 42. Bxf4 Rxf4 43. Bxh5+ Kg5 44. Rxf4 Kxf4 45. Bf7
Bxf7 46. Rxf7+ Ke4 47. Kf2 Ra8 48. Rf3 d5 49. Re3+ Kd4 50. g4 Kc4 51. Ke2 d4
52. Rf3 Rb8 53. h4 Rb2+ 54. Kd1 d3 55. Rf8 Rb1+ 56. Kd2 Rb2+ 57. Kc1 Rc2+ 58.
Kd1 Rh2 59. h5 Rh1+ 60. Kd2 Rh2+ 61. Ke3 Re2+ 62. Kf3 Re5 63. Rc8+ Kb3 64. Rb8+
Kc2 65. h6 1-0

[Event "AUTONOMIC COMUNIDAD VALENCIANA"]
[Site "Vila-real (Castellón - SPAIN)"]
[Date "2009.08.21"]
[Round "5.4"]
[White "Carbonell Bofill, Carlos Eloy"]
[Black "Montoliu Cervero, Francisco"]
[Result "1-0"]
[WhiteElo "2203"]
[BlackElo "2063"]
[PlyCount "69"]
[EventDate "2009.08.18"]

1. d4 d5 2. Bg5 Nf6 3. Nd2 c6 4. Ngf3 Bf5 5. Nh4 Bg6 6. c3 Nbd7 7. f4 e6 8.
Nxg6 hxg6 9. e3 Be7 10. Bd3 Rc8 11. Nf3 c5 12. Ne5 Nxe5 13. fxe5 Nd7 14. Bxe7
Qxe7 15. Qf3 a6 16. O-O c4 17. Bc2 Nf8 18. a4 Rc7 19. a5 Qh4 20. h3 Nh7 21. Qe2
Qh5 22. Qe1 g5 23. e4 Re7 24. Qg3 Kd7 25. Ra4 Nf8 26. Rb4 Kc8 27. Rb6 Rh6 28.
exd5 exd5 29. Bf5+ Ne6 30. Bg4 Qg6 31. Qf3 Rd7 32. Bxe6 fxe6 33. Qf8+ Rd8 34.
Qe7 Rd7 35. Rf8+ 1-0

[Event "AUTONOMIC COMUNIDAD VALENCIANA"]
[Site "Vila-real (Castellón - SPAIN)"]
[Date "2009.08.21"]
[Round "5.5"]
[White "Garcia Fernandez, Carlos"]
[Black "Molina, Jorge"]
[Result "1-0"]
[WhiteElo "2390"]
[BlackElo "2129"]
[PlyCount "57"]
[EventDate "2009.08.18"]

1. e4 d5 2. d4 dxe4 3. Nc3 Nf6 4. f3 exf3 5. Nxf3 Bg4 6. h3 Bxf3 7. Qxf3 c6 8.
Be3 e6 9. Bd3 Bb4 10. O-O Bxc3 11. bxc3 O-O 12. Rab1 b6 13. c4 Nbd7 14. Qxc6
Rc8 15. Qf3 e5 16. Qg3 e4 17. Be2 Kh8 18. Rb5 Rg8 19. Bg5 Rc6 20. Rbf5 Qc7 21.
Qh4 Rd6 22. Bf4 Qc6 23. Qf2 e3 24. Qg3 Ne4 25. Qf3 Nc3 26. d5 Qa4 27. Bd3 f6
28. Rh5 Nf8 29. Bxh7 1-0

[Event "AUTONOMIC COMUNIDAD VALENCIANA"]
[Site "Vila-real (Castellón - SPAIN)"]
[Date "2009.08.21"]
[Round "5.6"]
[White "Roca Galarza, Jose"]
[Black "Roig Aguilar, Alejandro"]
[Result "1-0"]
[WhiteElo "2333"]
[BlackElo "2120"]
[PlyCount "81"]
[EventDate "2009.08.18"]

1. c4 c6 2. e4 e5 3. Nf3 d6 4. d4 Nd7 5. Nc3 Ngf6 6. Be2 Be7 7. O-O O-O 8. Be3
a6 9. d5 cxd5 10. cxd5 b5 11. Nd2 Nb6 12. a4 b4 13. a5 Nbd7 14. Na4 Nc5 15.
Nxc5 dxc5 16. f3 Nd7 17. Nb3 Bd6 18. Bd3 Bb7 19. Qe2 Qe7 20. Rfc1 Rfc8 21. Rc2
h6 22. Rac1 Rc7 23. Qf2 Rac8 24. Nd2 f5 25. exf5 Bxd5 26. Bxa6 Rf8 27. Bd3 Kh8
28. Ne4 Bb3 29. Rd2 c4 30. Bxc4 Bc5 31. Bxc5 Nxc5 32. f6 gxf6 33. Qe3 Bxc4 34.
Qxh6+ Kg8 35. Rxc4 Nxe4 36. Qg6+ Kh8 37. Rxe4 f5 38. Qh6+ Kg8 39. Rd6 Rc1+ 40.
Qxc1 Qxd6 41. Qg5+ 1-0

[Event "AUTONOMIC COMUNIDAD VALENCIANA"]
[Site "Vila-real (Castellón - SPAIN)"]
[Date "2009.08.21"]
[Round "5.7"]
[White "Cruz Lledo, Pablo"]
[Black "Jordan Martinez, Miguel"]
[Result "1-0"]
[WhiteElo "2190"]
[BlackElo "2118"]
[PlyCount "61"]
[EventDate "2009.08.18"]

1. d4 Nf6 2. c4 e5 3. dxe5 Ng4 4. Nf3 Bc5 5. e3 Nc6 6. Bd2 Qe7 7. Nc3 Ngxe5 8.
Nd5 Qd8 9. Bc3 Bd6 10. b4 Nxf3+ 11. gxf3 Be5 12. Bxe5 Nxe5 13. f4 Ng6 14. Qd4
f6 15. h4 Ne7 16. Rg1 Nxd5 17. cxd5 Qe7 18. d6 cxd6 19. Bc4 d5 20. Bxd5 d6 21.
Kd2 Kf8 22. Rac1 Be6 23. Rc4 Rc8 24. Rxc8+ Bxc8 25. Qxa7 g6 26. Rc1 Kg7 27. Qb6
Kh6 28. Rc7 Qd8 29. Bxb7 Bxb7 30. Qxb7 Qa8 31. Rxh7+ 1-0

[Event "AUTONOMIC COMUNIDAD VALENCIANA"]
[Site "Vila-real (Castellón - SPAIN)"]
[Date "2009.08.21"]
[Round "5.8"]
[White "Penades Ordaz, Victor"]
[Black "Palacios Perez, Jose Luis"]
[Result "1/2-1/2"]
[WhiteElo "2175"]
[BlackElo "1916"]
[PlyCount "80"]
[EventDate "2009.08.18"]

1. e4 e6 2. d3 d5 3. Nd2 Nf6 4. Ngf3 c5 5. g3 Be7 6. Bg2 Nc6 7. O-O O-O 8. Re1
Qc7 9. Nf1 dxe4 10. dxe4 e5 11. c3 Rd8 12. Qc2 h6 13. Ne3 Be6 14. Nh4 Ng4 15.
Nef5 Bxh4 16. Nxh4 Qe7 17. Qe2 Nf6 18. Qf3 Bg4 19. Qe3 Be6 20. h3 c4 21. Bf1
Nd7 22. Qf3 Nc5 23. Be3 Nd3 24. Re2 b5 25. Rd1 Rd7 26. Red2 Rad8 27. Nf5 Bxf5
28. Qxf5 b4 29. Bxd3 bxc3 30. bxc3 Rxd3 31. Rxd3 cxd3 32. Qg4 Kh8 33. Rd2 Na5
34. Qd1 Qd7 35. Qg4 Qxg4 36. hxg4 Nc4 37. Rd1 Nxe3 38. fxe3 d2 39. Kf2 Rd3 40.
Ke2 Rxc3 1/2-1/2

[Event "AUTONOMIC COMUNIDAD VALENCIANA"]
[Site "Vila-real (Castellón - SPAIN)"]
[Date "2009.08.21"]
[Round "5.9"]
[White "Vieito Soria, Luis Maria"]
[Black "Ventura Monfort, Santiago"]
[Result "0-1"]
[WhiteElo "1897"]
[BlackElo "2077"]
[PlyCount "72"]
[EventDate "2009.08.18"]

1. d4 d5 2. Nf3 Nf6 3. c4 c6 4. e3 Bg4 5. Nc3 e6 6. Bd3 Nbd7 7. cxd5 exd5 8.
O-O Be7 9. e4 dxe4 10. Nxe4 Nxe4 11. Bxe4 Nf6 12. Re1 O-O 13. h3 Bh5 14. g4
Nxe4 15. Rxe4 Bg6 16. Re2 Bd6 17. Qb3 Qb6 18. Qc4 Qb4 19. Qxb4 Bxb4 20. Ne5
Rfe8 21. Be3 Be4 22. f3 Bd5 23. g5 Re6 24. f4 f6 25. f5 Re7 26. gxf6 gxf6 27.
Ng4 Bf3 28. Nh6+ Kf8 29. Bd2 Rxe2 30. Bxb4+ Kg7 31. Ng4 Bxg4 32. hxg4 Rae8 33.
d5 cxd5 34. Rc1 Kh6 35. Bd6 Re1+ 36. Rxe1 Rxe1+ 0-1

[Event "AUTONOMIC COMUNIDAD VALENCIANA"]
[Site "Vila-real (Castellón - SPAIN)"]
[Date "2009.08.21"]
[Round "5.10"]
[White "Marti Blanes, Jose Manuel"]
[Black "Saborit Ripolles, Manuel"]
[Result "0-1"]
[WhiteElo "1871"]
[BlackElo "2008"]
[PlyCount "96"]
[EventDate "2009.08.18"]

1. d4 Nf6 2. c4 e6 3. Nc3 Bb4 4. g3 O-O 5. Bg2 d5 6. cxd5 exd5 7. Nf3 c6 8. O-O
Nbd7 9. Qc2 Re8 10. Bg5 h6 11. Bxf6 Qxf6 12. e3 Bd6 13. Rac1 b6 14. a3 Bb7 15.
Rfd1 Qe7 16. Nh4 Nf6 17. Nf5 Qd8 18. Nxd6 Qxd6 19. b4 Ba6 20. Na4 Bc4 21. Nb2
b5 22. Nd3 a5 23. Qb1 axb4 24. axb4 Nd7 25. Nc5 Nxc5 26. bxc5 Qf6 27. Rd2 Re7
28. Bf1 Rea7 29. Bxc4 dxc4 30. Kg2 h5 31. e4 Ra3 32. f4 h4 33. Rcc2 Qe6 34. Re2
h3+ 35. Kf2 Qg4 36. Qh1 Ra1 37. Rc1 R8a3 38. d5 Qd7 39. Rd2 cxd5 40. exd5 Qe7
41. Re1 Qxc5+ 42. Kf1 Re3 43. Red1 Raa3 44. Rf2 Qd4 45. Rc1 Ra1 46. Rfc2 Rxc1+
47. Rxc1 Qd3+ 48. Kg1 Re2 0-1

[Event "AUTONOMIC COMUNIDAD VALENCIANA"]
[Site "Vila-real (Castellón - SPAIN)"]
[Date "2009.08.21"]
[Round "5.11"]
[White "Del Hoyo, Pablo"]
[Black "Gallego Mora, Salvador"]
[Result "1/2-1/2"]
[WhiteElo "1995"]
[BlackElo "1814"]
[PlyCount "47"]
[EventDate "2009.08.18"]

1. d4 d5 2. e3 Nf6 3. Nd2 e6 4. Bd3 c5 5. c3 Nc6 6. f4 cxd4 7. exd4 Bd6 8. g3
Qb6 9. Ngf3 Bd7 10. Ne5 Ne7 11. O-O Bb5 12. Bxb5+ Qxb5 13. Qf3 h5 14. h3 Nf5
15. Re1 h4 16. g4 Ng3 17. a4 Qa6 18. b4 Rc8 19. Bb2 Nge4 20. Nxe4 Nxe4 21. Rxe4
dxe4 22. Qxe4 Bxe5 23. fxe5 Qc6 {OFERTA DE TABLAS} 24. Qxc6+ 1/2-1/2

[Event "AUTONOMIC COMUNIDAD VALENCIANA"]
[Site "Vila-real (Castellón - SPAIN)"]
[Date "2009.08.21"]
[Round "5.12"]
[White "Navarrete Espi, Samuel"]
[Black "Benedito Salavert, Jaime"]
[Result "0-1"]
[WhiteElo "1804"]
[BlackElo "1965"]
[PlyCount "88"]
[EventDate "2009.08.18"]

1. e4 d6 2. d4 Nf6 3. Nc3 g6 4. f4 Bg7 5. Nf3 c5 6. Bb5+ Bd7 7. Bxd7+ Nfxd7 8.
d5 Qa5 9. Bd2 Qa6 10. a4 O-O 11. Nb5 Rc8 12. c3 Nf6 13. Qe2 Nbd7 14. O-O e6 15.
c4 exd5 16. exd5 Bf8 17. Qf2 Qb6 18. a5 Qd8 19. a6 b6 20. Rfe1 Ne8 21. f5 Bg7
22. fxg6 hxg6 23. Bg5 Bf6 24. Rxe8+ Qxe8 25. Bxf6 Nxf6 26. Nxd6 Qf8 27. Nxc8
Rxc8 28. Ng5 Ne8 29. Rf1 Nd6 30. Qf6 Rd8 31. Rf3 Re8 32. Rh3 Qg7 33. Qxd6 Qd4+
34. Kf1 Qd1+ 35. Kf2 Qe2+ 36. Kg3 Qe1+ 37. Kg4 f5+ 38. Kf4 Qc1+ 39. Kg3 Qxg5+
40. Kf2 Qd2+ 41. Kg3 Qe1+ 42. Kf4 Qe4+ 43. Kg3 Qg4+ 44. Kf2 Re2+ 0-1

[Event "AUTONOMIC COMUNIDAD VALENCIANA"]
[Site "Vila-real (Castellón - SPAIN)"]
[Date "2009.08.21"]
[Round "5.14"]
[White "Sanchiz Marti, Josep Miquel"]
[Black "Folch Fuentes, Eva"]
[Result "1-0"]
[WhiteElo "2046"]
[BlackElo "1529"]
[PlyCount "73"]
[EventDate "2009.08.18"]

1. d4 Nf6 2. Bg5 d5 3. Nc3 Bf5 4. f3 Nbd7 5. e3 h6 6. Bh4 g5 7. Bg3 e6 8. Bd3
Nb6 9. Bxf5 exf5 10. Qd3 Qd7 11. Nb5 Bd6 12. Nxd6+ cxd6 13. Ne2 Rc8 14. h4 g4
15. h5 Nc4 16. b3 Na3 17. c3 Nb5 18. Bf4 Ng8 19. Rc1 Ne7 20. Kf2 Nc7 21. c4 Ne6
22. Bg3 dxc4 23. bxc4 O-O 24. Qa3 d5 25. Bd6 Rfe8 26. Bxe7 Qxe7 27. Qxe7 Rxe7
28. cxd5 Rxc1 29. Rxc1 Ng7 30. Nf4 Kh7 31. Ke2 Ne8 32. Kd3 Nf6 33. a4 b6 34.
Rc6 Kg7 35. d6 Re8 36. Rc7 Rd8 37. Ne6+ 1-0

[Event "AUTONOMIC COMUNIDAD VALENCIANA"]
[Site "Vila-real (Castellón - SPAIN)"]
[Date "2009.08.21"]
[Round "5.15"]
[White "Vieito Ribelles, Ariadna"]
[Black "Chacon Flores, David"]
[Result "1/2-1/2"]
[WhiteElo "1731"]
[BlackElo "2018"]
[PlyCount "55"]
[EventDate "2009.08.18"]

1. e4 c6 2. d4 d5 3. Nc3 dxe4 4. Nxe4 Nd7 5. Nf3 Ndf6 6. Ng3 e6 7. Bd3 Ne7 8.
Bd2 Ned5 9. c4 Nc7 10. Bc3 Be7 11. b3 a5 12. Qe2 O-O 13. O-O b5 14. Ne4 b4 15.
Bb2 Nce8 16. Rfd1 Qc7 17. Ne5 Bb7 18. Nc5 Rd8 19. Be4 Nxe4 20. Qxe4 Nf6 21. Qf3
Ba8 22. Qe2 Bb7 23. Qf3 Rc8 24. Rd2 Qb6 25. Ned7 Qc7 26. Nxf8 Rxf8 27. Re1 Bc8
{OFERTA DE TABLAS} 28. Rdd1 1/2-1/2

[Event "AUTONOMIC COMUNIDAD VALENCIANA"]
[Site "Vila-real (Castellón - SPAIN)"]
[Date "2009.08.21"]
[Round "5.16"]
[White "Mezquita Broch, Pascual"]
[Black "Romero Calduch, Sergio"]
[Result "1-0"]
[WhiteElo "1979"]
[BlackElo "1681"]
[PlyCount "47"]
[EventDate "2009.08.18"]

1. e4 Nf6 2. e5 Nd5 3. d4 d6 4. f4 dxe5 5. dxe5 e6 6. a3 Bc5 7. Nf3 O-O 8. Bd3
f6 9. Qe2 Nc6 10. b4 Nd4 11. Nxd4 Bxd4 12. Qe4 f5 13. Qxd4 Qe7 14. Nc3 Nb6 15.
O-O Bd7 16. Qf2 Bc6 17. Be3 Rfe8 18. Bb5 Bd7 19. Rfd1 c6 20. Bf1 Qd8 21. Bc5
Nc8 22. Qd2 b6 23. Bf2 Re7 24. Bh4 1-0

[Event "AUTONOMIC COMUNIDAD VALENCIANA"]
[Site "Vila-real (Castellón - SPAIN)"]
[Date "2009.08.21"]
[Round "5.17"]
[White "De La Duena Y Navajas, Ricardo"]
[Black "Magdaleno Puche, Juan Pedro"]
[Result "1-0"]
[WhiteElo "1901"]
[BlackElo "1651"]
[PlyCount "65"]
[EventDate "2009.08.18"]

1. d4 Nf6 2. f3 e6 3. Bg5 d5 4. e4 h6 5. Be3 dxe4 6. Nc3 Bb4 7. Bc4 c6 8. a3
Bxc3+ 9. bxc3 O-O 10. Nh3 Qa5 11. Qd2 Qh5 12. O-O b5 13. Be2 Qd5 14. Nf4 Qd6
15. Qe1 e5 16. dxe5 Qxe5 17. fxe4 Ng4 18. Bd4 Qxe4 19. Bxg4 Qxe1 20. Raxe1 Bxg4
21. h3 Bf5 22. Nh5 Bxc2 23. Bxg7 Rd8 24. Bxh6 Nd7 25. Re7 Bg6 26. Nf4 Kh7 27.
Bg5 Nb6 28. Nxg6 Kxg6 29. h4 Nc4 30. Rexf7 Rd3 31. g4 Rg3+ 32. Kh2 Rxg4 33.
R1f6+ 1-0

[Event "AUTONOMIC COMUNIDAD VALENCIANA"]
[Site "Vila-real (Castellón - SPAIN)"]
[Date "2009.08.21"]
[Round "5.19"]
[White "Montoliu Cervero, Angel"]
[Black "Gurjao Alencar, Sandro"]
[Result "0-1"]
[WhiteElo "1675"]
[BlackElo "1847"]
[PlyCount "78"]
[EventDate "2009.08.18"]

1. e4 d5 2. exd5 Qxd5 3. Nc3 Qa5 4. d4 c6 5. Nf3 Nf6 6. Bc4 Bf5 7. O-O e6 8. a3
Nbd7 9. Bf4 Be7 10. Re1 O-O 11. Bd3 Bg4 12. Re3 Nh5 13. Bg3 Nxg3 14. fxg3 c5
15. Be2 Bxf3 16. Rxf3 cxd4 17. Ne4 Ne5 18. Rb3 Qd5 19. Nf2 Bc5 20. Nd3 Nxd3 21.
Rxd3 e5 22. Kh1 Kh8 23. Qe1 f5 24. g4 fxg4 25. Bxg4 Rf4 26. h3 Raf8 27. Rf3 e4
28. Rxf4 Rxf4 29. Rd1 h5 30. Be2 Bb6 31. Qg3 Qf5 32. Bc4 Bc7 33. Qe1 Be5 34.
Kg1 d3 35. cxd3 Bd4+ 36. Kh1 e3 37. b3 Rf2 38. Kg1 e2 39. Kh2 Qe5+ 0-1

[Event "AUTONOMIC COMUNIDAD VALENCIANA"]
[Site "Vila-real (Castellón - SPAIN)"]
[Date "2009.08.22"]
[Round "6.1"]
[White "Alvarez Ibarra, Rafael"]
[Black "Tello Nunez, Alejandro"]
[Result "0-1"]
[WhiteElo "2384"]
[BlackElo "2297"]
[PlyCount "150"]
[EventDate "2009.08.18"]

1. d4 Nf6 2. c4 g6 3. Nc3 Bg7 4. e4 d6 5. Nf3 O-O 6. Be2 Bg4 7. Be3 Nfd7 8. Rc1
a6 9. d5 Bxf3 10. Bxf3 b5 11. Be2 b4 12. Na4 Nb6 13. Nxb6 cxb6 14. Qb3 a5 15.
a3 bxa3 16. Qxa3 Na6 17. O-O Nc5 18. Bf3 Qc7 19. Rc2 a4 20. Rd1 Qa7 21. g3 Rfc8
22. Bg2 Qa6 23. Qb4 Qa5 24. Qxa5 bxa5 25. Bh3 Rc7 26. Bxc5 Rxc5 27. Bd7 Rb8 28.
Bxa4 Rxb2 29. Rxb2 Bxb2 30. Bb5 a4 31. Bxa4 Rxc4 32. Bb5 Rxe4 33. h4 Ba3 34.
Rd2 Rb4 35. Be2 h6 36. Kg2 g5 37. hxg5 hxg5 38. g4 Kg7 39. Bf3 Kf6 40. Kg3 Rb3
41. Kg2 Bc5 42. Bd1 Rb4 43. Bf3 Bd4 44. Re2 Be5 45. Rd2 Ra4 46. Re2 Rd4 47. Rc2
Bf4 48. Ra2 e6 49. Ra1 Rd2 50. Rd1 Ra2 51. Kf1 Bd2 52. dxe6 fxe6 53. Be2 d5 54.
Rb1 Bc3 55. Rb6 Bd4 56. Ra6 Rb2 57. Rc6 Ke5 58. Ra6 Bb6 59. Ra4 Kf6 60. Ra8 Bc5
61. Ra6 Ke5 62. Rc6 Bd4 63. Ra6 Rc2 64. Ke1 Bc3+ 65. Kf1 Bd4 66. Ke1 Rb2 67.
Kf1 Rb1+ 68. Kg2 Rb6 69. Rxb6 Bxb6 70. Ba6 Kf4 71. Bc8 e5 72. Bb7 d4 73. Bf3 e4
74. Bd1 d3 75. Kf1 Bxf2 0-1